| 000 | 00852nac a22002291u 4500 | ||
|---|---|---|---|
| 010 | _a 99027324 | ||
| 020 | _a0815514360 | ||
| 082 | 0 | 0 |
_a620.43 _bLIU |
| 090 |
_c7194 _d7194 |
||
| 100 | _aLiu, Huimin, | ||
| 245 | 1 | 0 |
_aScience and engineering of droplets : _bfundamentals and applications / _cby Huimin Liu. |
| 260 |
_aNorwich, NY : _bNoyes Publications,1999 _c1999. |
||
| 300 |
_a526p.: _bill.; _c24 cm. |
||
| 500 | _adistributer: Al-Ahram | ||
| 504 | _aIncludes bibliographical references and index. | ||
| 511 | _acatalogued by: wessam | ||
| 650 | 0 | _aSpraying. | |
| 650 | 0 | _aAtomization. | |
| 856 | 4 | 2 |
_3Publisher description _uhttp://www.loc.gov/catdir/description/wap041/99027324.html |
| 856 | 4 | 2 |
_3Table of contents _uhttp://www.loc.gov/catdir/toc/wap041/99027324.html |
| 942 |
_cBB _k620.43LIU |
||
| 999 |
_c7194 _d7194 |
||